000
00282nam a22001217a 4500
020
_a
0-333-51072-0
082
_a
530 DYR'G
100
_a
DYKE, PHILIP, WHITWORTH, ROGER
_9
67535
245
_a
GUIDE TO MECHANICS
260
_a
LONDON
_b
MACMILLAN
_c
1992
300
_a
292P
942
_c
BK
999
_c
575291
_d
575291